Николай Тёплый. Живопись и графика (Запись № 11894245)

Подробности
000 -МАРКЕР
контрольное поле 02087nam0a2200373 4500
001 - ИДЕНТИФИКАТОР ЗАПИСИ
контрольное поле RU\NLR\BIBL_A\011806401
005 - ИДЕНТИФИКАТОР ВЕРСИИ
контрольное поле 20181030142946.0
010 ## - МЕЖДУНАРОДНЫЙ СТАНДАРТНЫЙ НОМЕР КНИГИ (ISBN)
Номер (ISBN) 978-5-9909742-6-5
Тираж 125
021 ## - НОМЕР ГОСУДАРСТВЕННОЙ РЕГИСТРАЦИИ
Код страны Российская Федерация
Номер АЛ-П-18-00539и
Номер Листа государственной регистраци АЛ-П-18-0096
035 ## - ДРУГИЕ СИСТЕМНЫЕ НОМЕРА
Идентификатор записи (NLR Aleph) 011806401
035 ## - ДРУГИЕ СИСТЕМНЫЕ НОМЕРА
Идентификатор записи (RuMoRGB)009738328
100 ## - ДАННЫЕ ОБЩЕЙ ОБРАБОТКИ
Данные общей обработки 20181001d2018 u y0rusy50 ca
101 0# - ЯЗЫК РЕСУРСА
Язык текста, звукозаписи и т.д. русский
102 ## - СТРАНА ПУБЛИКАЦИИ ИЛИ ПРОИЗВОДСТВА
Страна публикации Российская Федерация
105 ## - ПОЛЕ КОДИРОВАННЫХ ДАННЫХ: ТЕКСТОВЫЕ МАТЕРИАЛЫ, МОНОГРАФИЧЕСКИЕ
Кодированные данные о монографическом текстовом документе ac||zzzz0|0yy
200 1# - ЗАГЛАВИЕ И СВЕДЕНИЯ ОБ ОТВЕТСТВЕННОСТИ
Основное заглавие Николай Тёплый. Живопись и графика
Сведения, относящиеся к заглавию [каталог выставки]
Первые сведения об ответственности Галерея "12 июля"
Последующие сведения об ответственности [вступительная статья: доктор философских наук, профессор Николай Суворов]
210 ## - ПУБЛИКАЦИЯ, РАСПРОСТРАНЕНИЕ И ДР.
Место издания, распространения и т.д. Санкт-Петербург
Имя издателя, распространителя и т. д. Полиграфическое предприятие № 3
Дата издания, распространения и т.д. 2018
215 ## - ФИЗИЧЕСКАЯ ХАРАКТЕРИСТИКА
Специфическое обозначение материала и объем 52, [2] с.
Другие сведения о физической характеристике ил., цв. ил., портр.
Размеры 24
600 #1 - ИМЯ ЛИЦА КАК ПРЕДМЕТ
Начальный элемент ввода Теплый
Часть имени, кроме начального элемента ввода Н. И.
Даты 1948
Расширение инициалов личного имени Николай Иванович
Формальный подзаголовок Каталоги
Тематический подзаголовок Выставки
Географический подзаголовок Санкт-Петербург, город
Хронологический подзаголовок 2018
Системный номер авторитетной/нормативной записи 2383380
Идентификатор авторитетной/нормативной записи RU\NLR\AUTH\6601642703
601 02 - НАИМЕНОВАНИЕ ОРГАНИЗАЦИИ КАК ПРЕДМЕТ
Начальный элемент ввода "12 июля", галерея
Идентифицирующий признак Санкт-Петербург, город
Формальный подзаголовок Каталоги
Тематический подзаголовок Выставки
Хронологический подзаголовок 2018
Системный номер авторитетной/нормативной записи 2383374
Идентификатор авторитетной/нормативной записи RU\NLR\AUTH\6601642701
686 1# - ИНДЕКСЫ ДРУГИХ КЛАССИФИКАЦИЙ
Индекс Щ143(2Р=Рус)7-8Теплый л62
686 1# - ИНДЕКСЫ ДРУГИХ КЛАССИФИКАЦИЙ
Индекс Щ153(2Р=Рус)7-8Теплый л62
686 1# - ИНДЕКСЫ ДРУГИХ КЛАССИФИКАЦИЙ
Индекс Щ101.3(2Р)-2Санкт-Петербург2"12 июля", галерея л62
702 #1 - ИМЯ ЛИЦА - ВТОРИЧНАЯ ОТВЕТСТВЕННОСТЬ
Начальный элемент ввода Теплый
Часть имени, кроме начального элемента ввода Н. И.
Даты 1948-
Расширение инициалов личного имени Николай Иванович
Код отношения Прочие
711 10 - НАИМЕНОВАНИЕ ОРГАНИЗАЦИИ - АЛЬТЕРНАТИВНАЯ ОТВЕТСТВЕННОСТЬ
Начальный элемент ввода Тёплый,
Место проведения временной организации Санкт-Петербург
Дата проведения временной организации 2018
Инверсированный элемент Николай Иванович
Часть наименования, отличная от начального элемента ввода и от инверсированного элемента Выставка живописи и графики
Системный номер авторитетной/нормативной записи 627202
Идентификатор авторитетной/нормативной записи RU\NLR\AUTH\880483367
712 02 - НАИМЕНОВАНИЕ ОРГАНИЗАЦИИ - ВТОРИЧНАЯ ОТВЕТСТВЕННОСТЬ
Код отношения Организатор конференции
Начальный элемент ввода "12 июля", галерея
Идентифицирующий признак Санкт-Петербург
Системный номер авторитетной/нормативной записи 289926
Идентификатор авторитетной/нормативной записи RU\NLR\AUTH\8810200870
942 ## - ДОПОЛНИТЕЛЬНЫЕ ЭЛЕМЕНТЫ ЗАПИСИ (АБИС)
Тип экземпляра АБИС Книга
980 ## - КОЛЛЕКЦИЯ
Название коллекции НБР
980 ## - КОЛЛЕКЦИЯ
Название коллекции Национальная библиография

Нет доступных экземпляров.